| 000 | 00450nam a22001577a 4500 | ||
|---|---|---|---|
| 999 |
_c9322 _d9322 |
||
| 008 | 210403b ||||| |||| 00| 0 eng d | ||
| 040 | _aBMS College of Architecture | ||
| 100 | _aM, Anu | ||
| 245 | _aLeisure resort | ||
| 300 | _a40p. | ||
| 500 | _a1BM99AT043 | ||
| 502 |
_8B.Arch _NBMS College of Architecture, Visvesvaraya Technological University _aProject report _d2004 |
||
| 650 | _aResort | ||
| 700 |
_aMamatha P Raj _eGuide |
||
| 942 |
_2ddc _cTHE |
||